LDR 00717naa#a2200193#i#450# 001 EN\\bibl\119504 005 20260415020702.3 011 ## _a2782-1900 100 ## _a20260324b2026####ek#y0engy0150####ca 101 0# _aENG 102 ## _aRU 200 1# _aExperimental determination of the efficiency of recuperative heat exchangers _eJournal article 210 1# _aYaroslavl _cYaroslavl State Technical University _d2026 215 ## _a9 с. 608 ## _aJournal article _2local 675 ## _aТеплообменники. Охлаждение и холодильные установки. Теплоизоляция. 66.045 _zENG 700 #1 _aLeontiev _gValery Konstantinovich 700 #1 _aKorableva _gOlga Nikolaevna 856 4# _achemintech.ru _u